000 00405cam a2200157ua 4500
003 OSt
008 250320b |||||||| |||| 00| 0 eng d
041 _aeng
082 _a621.9023
_bKOR/NU
100 _aKoren, Yoram .
_97312
245 _aNumerical control of machine tools /
260 _aDelhi :
_bKhanna publishers ,
_c1984.
300 _a310 ; .
700 1 _aBen-Uri, Joseph .
_97313
942 _cBK
999 _c7595
_d7595